000 01599 a2200205 4500
020 _a0330486055
040 _aDLC
_bDLC
082 _a956.70442092
100 1 _aClancy, Tom,
245 1 0 _aEvery man a tiger
_cTom Clancy with Chuck Horner.
260 _aLondon :
_bPan Books,
_c1999.
300 _axi, 564 p. :
_bill., ports ;
_c24 cm.
520 1 _a"General Chuck Horner was the right man in the right place at the right time. Combining a broad experience of all aspects of aerial warfare with a deep respect for and knowledge of Arab culture, Horner commanded the U.S. and allied air assets during Desert Shield and Desert Storm - the forces of a dozen nations - and was responsible for the design and execution of one of the most devastating air campaigns in history. Never before have the Gulf air war and its planning, a process filled with controversy and stormy personalities, been revealed in such detail."--BK JACKET. "Beyond that, however, Every Man a Tiger is the story of two revolutions: of how a service damaged by Vietnam reinvented itself through vision, determination, and brutally hard work - in Horner's words, "We had to learn how to be an Air Force all over again" - and of how war changed fundamentally in the last decade of this century, not only in the new dominance of air power, but in all its aspects."--BK JACKET.
600 1 _aHorner, Chuck.
650 0 _aPersian Gulf War, 1991
650 0 _aPersian Gulf War, 1991
_zUnited States.
650 0 _aPersian Gulf War, 1991
_xAerial operations, American.
700 1 _aHorner, Chuck.
942 _cBK
_k956.70442092 CLA
_2ddc
999 _c5206
_d5206